000 01083nam a2200301 4500
001 0000023996
003 CO-CtgCURN
005 20250502164416.0
007 ta
008 160627s2014 000 0 eng d
020 _a9789587630886
040 _aCO-CtgCURN
_bspa
_ccoctgcurn
082 0 _a371.102
_bJ94
100 1 _aJuliao Vargas, Carlos German.
245 1 0 _aUna pedagogia praxeologica /
_cCarlos German Juliao Vargas , ilustradores, Marcela Robles, Angela Rodríguez.
260 _aBogotá :
_bCorporación Universitaria Minuto de Dios,
_c2014.
300 _a347 p.
336 _2rdacontent
337 _2rdamedia
_asin mediacion
_bn
338 _2rdacarrier
_avolumen
_bnc
504 _aIncluye bibliografia p. (325-347)
505 8 _aAproximaciones desde lo epistemologico -- Aproximaciones desde lo historico -- Aproximaciones desde la practica
650 1 4 _aEnfoques pedagogicos.
650 1 4 _aInnovaciones educativas.
908 _a160627
942 _cBK
_h371.102
_iJ94
_2ddc
_n0
999 _c8695
_d8695